| 000 | 00631nam a22001937a 4500 | ||
|---|---|---|---|
| 999 |
_c17328 _d17328 |
||
| 003 | AR-CdUCM | ||
| 008 | 190508b ||||| |||| 00| 0 spa d | ||
| 040 |
_aMUNICIPALIDAD PROVINCIAL DEL CUSCO _cBIBLIOTECA MUNICIPAL DEL CUSCO |
||
| 082 |
_a869.122 / _bC92 |
||
| 100 |
_a Cruz, Juana Inés de la _937283 |
||
| 245 | _aObras escogidas / | ||
| 260 |
_aMéxico, D.F. : _bNacional, _c1973. |
||
| 300 |
_a163 páginas ; _c18 cm. |
||
| 505 | _aContenido: Sonetos -- Redondillas -- Romances -- Endechas -- Liras... | ||
| 650 |
_aLiteratura mexicana _92532 |
||
| 650 |
_aPoesía _9139 |
||
| 942 |
_2ddc _cLIBROS |
||
| 945 |
_aacv _d2019-05-08 |
||